La filosofía del trabajo / (Record no. 26667)

MARC details
000 -LEADER
campo de control de longitud fija 00618nam a2200205 i 4500
001 - NÚMERO DE CONTROL
campo de control 26667
003 - IDENTIFICADOR DE NÚMERO DE CONTROL
campo de control ES-MaACL
005 - FECHA Y HORA DE LA ÚLTIMA TRANSACCIÓN
campo de control 20240521105419.0
007 - CAMPO FIJO DE DESCRIPCIÓN FÍSICA--INFORMACIÓN GENERAL
campo de control de longitud fija t|
008 - DATOS DE LONGITUD FIJA--INFORMACIÓN GENERAL
campo de control de longitud fija 030110s1965 sp ||||1| spa d
100 1# - ENTRADA PRINCIPAL--NOMBRE DE PERSONA
Nombre de persona Arvon, Henri.
9 (RLIN) 23520
245 13 - MENCIÓN DEL TÍTULO
Título La filosofía del trabajo /
Mención de responsabilidad, etc. Henri Arvon ; versión española de Salustiano Masó.
260 ## - PUBLICACIÓN, DISTRIBUCIÓN, ETC.
Lugar de publicación, distribución, etc. [Madrid :
Nombre del editor, distribuidor, etc. Taurus,
Fecha de publicación, distribución, etc. 1965]
300 ## - DESCRIPCIÓN FÍSICA
Extensión 105 p. ;
Dimensiones 19 cm.
490 1# - MENCIÓN DE SERIE
Mención de serie Cuadernos Taurus ;
Designación de volumen o secuencia 67
700 0# - ENTRADA AGREGADA--NOMBRE PERSONAL
Nombre de persona Masó, Salustiano,
Fechas asociadas al nombre 1923-
9 (RLIN) 78744
830 0# - PUNTO DE ACCESO ADICIONAL DE SERIE-TÍTULO UNIFORME
Título uniforme Cuadernos Taurus ;
Designación de volumen o secuencia 67
9 (RLIN) 180748
852 ## - LOCALIZACIÓN
Ubicación ES-MaACL
Número de control de estantería C-29657
Sublocalización o colección R.59500
Holdings
Estatus retirado Estado de pérdida Estado de daño No para préstamo Biblioteca de origen Biblioteca actual Ubicación en estantería Fecha de adquisición Fuente de adquisición Total de préstamos Signatura topográfica completa Código de barras Visto por última vez Precio de reemplazo Tipo de ítem Koha
        Biblioteca del Ateneo de Madrid Biblioteca del Ateneo de Madrid Depósito 2 17/01/2008     C-29657 1027519 23/02/2023 23/02/2023 Libro impreso